| 000 | 00524nam a2200181Ia 4500 | ||
|---|---|---|---|
| 008 | 140527s9999 xx 000 0 und d | ||
| 020 | _a9788126146123 | ||
| 050 |
_aP 121 _b.M391 2010 |
||
| 100 | _aMarwah, Sonu | ||
| 245 | 2 |
_aA course In phonetics and spoken English / _cSonu Marwah. |
|
| 260 |
_aNew Delhi, India : _bAnmol Publications, _cc2010. |
||
| 300 |
_a296 p. : _bill. ; _c21 cm. |
||
| 500 | _aIncludes index. | ||
| 521 | _aGE | ||
| 650 | _aLanguage and arts discipline | ||
| 942 |
_kFOR _cBK |
||
| 999 |
_c117506 _d117506 |
||